Las relaciones entre Chile e Israel: 1973-1990. La conexión oculta

Saved in:
Bibliografiske detaljer
Hovedforfatter: Harvey Parada, Hugo (Author)
Format: Bog
Sprog:spansk
Udgivet: Santiago RIL 2011
Udgivelse:1a. ed
Fag:
Tags: Tilføj Tag
Ingen Tags, Vær først til at tagge denne postø!

MARC

LEADER 00000cam a2200000 a 4500
001 UCG9879
003 CL-VaPUC
008 120412e20110800CL |||||||||||||||||spa|d
020 |a 9789562848121 
082 0 4 |a 327.83  |b HAR  |2 21 
100 0 |a Harvey Parada, Hugo  |e author  |9 561613 
245 1 4 |a Las relaciones entre Chile e Israel: 1973-1990. La conexión oculta 
250 |a 1a. ed 
300 |a 316 p 
942 |c BK 
945 |d 20120412 00:00:00  |a dcastane 
260 |a Santiago  |b RIL  |c 2011 
650 0 |a Relaciones Internacionales  |9 255740 
651 7 |a CHILE  |2 CL-VaPUC  |9 561614 
651 0 |a Israel  |9 314378 
583 |a last modification  |c 20120412 10:24:00  |k Rodrigo Vera 
999 |c 347406  |d 347404 
952 |0 0  |1 0  |4 0  |6 327_830000000000000_HAR_2011  |7 0  |8 A  |9 448714  |a BIBHIS  |b BIBHIS  |d 2019-11-22  |i 4854497  |o 327.83 HAR 2011  |p 4854497  |r 2025-01-20  |w 2019-11-22  |y BK  |k HIS